000 02235nam0a2200325 i 4500
001 RU\NLR\bibl\1967909
005 20260408093541.0
010 _a9785794209501
_9100
021 _aRU
_b2012-82695
_96119
035 _a(NLR Aleph) 001956796
090 _a3770600
_c3770600
100 _a20121116d2012 k y0rusy50 ca
101 0 _arus
102 _aRU
105 _aa |||||||||
200 1 _aСтратегии развития финансовых рынков стран СНГ
_eсборник научных статей, [подготовленных участниками международного научно-практического семинара, проходившего в г. Одессе 29-30 сентября 2011 г.
_fпод ред. Б.Б. Рубцова, В.К. Кубликова]
210 _aМосква
_cФинансовый университет
_d2012
215 _a189 с.
_cил.
_d20
300 _aВ надзаг.: Федер. гос. образоват. бюджет. учреждение высш. проф. образования "Финансовый ун-т при Правительстве Рос. Федерации (Финансовый ун-т), Одес. нац. экон. ун-т
320 _aБиблиогр. в конце докл.
606 1 _aРынки финансовые
_jСборники
_yСтраны СНГ
_92306469
_3RU\NLR\auth\661380599
686 _aУ26(2)229.5я43
702 1 _aКубликов
_bВ. К.
_gВладимир Константинович
_4340
711 1 2 _a"Стратегия развития финансовых рынков стран СНГ", международный научно-практический семинар
_eОдесса
_f2011
_9352997
_3RU\NLR\AUTH\8810233908
712 0 2 _4570
_aФинансовый университет при Правительстве Российской Федерации
_cМосква
_9838093
_3RU\NLR\AUTH\8810171129
801 0 _aRU
_bNLR
_c20121116
_gRCR
801 1 _aRU
_bNLR
_c20121116
942 _cBOOK
980 _aNBR